000 00679nam a2200265Ia 4500
005 20260302115911.0
008 008 260114s9999 xx 000 0 eng d
020 _a9781978737754
037 _aTextbook
040 _aCRL
040 _beng
040 _cCRL
041 _2eng
041 _aeng
084 _qCRL
100 _aFrancis A. Boyle
_91123016
245 0 _aWorld Politics, Human Rights, and International Law
260 _bBloomsbury
260 _bLexington Books
260 _c2021
650 _aLaw
856 _uhttps://doi.org/10.5040/9781978737754?locatt=label:secondary_bloomsburyCollections
942 _cEBOOK
999 _c1687858
_d1687858